000 00393nam a2200133Ia 4500
005 20260326100032.0
008 260326s9999||||xx |||||||||||||| ||und||
100 _aMolina de Line, María
245 0 _aCosta Rica Movimientos Históricos y Arqueológicos /
_cMaría Molina de Line
260 _bIntituto Panamericano de Geografía e Historia
300 _a221 p.
650 _aARTE
942 _cBK
999 _c6641
_d6641